000
00314nam a2200133Ia 4500
008
230818s9999 xx 000 0 und d
041
_a
eng
100
_a
Lilicrap
245
_a
Food And Beverage service
260
_b
Hodder Arnold
300
_a
493p
520
_a
General
999
_c
852276
_d
852276
650
_a
Food and Beverage service